Sikh shrines in West Pakistan / (Record no. 23526)

MARC details
000 -LEADER
fixed length control field 01015cam a22003011 4500
001 - CONTROL NUMBER
control field 6570691
003 - CONTROL NUMBER IDENTIFIER
control field BDDh-ASL
005 - DATE AND TIME OF LATEST TRANSACTION
control field 20231015030243.0
008 - FIXED-LENGTH DATA ELEMENTS--GENERAL INFORMATION
fixed length control field 781118s1962 pk bfj f000 0 eng
010 ## - LIBRARY OF CONGRESS CONTROL NUMBER
LC control number sa 63000825
035 ## - SYSTEM CONTROL NUMBER
System control number (OCoLC)4385010
040 ## - CATALOGING SOURCE
Original cataloging agency DLC
Transcribing agency OAkU
Modifying agency DLC
-- BDDh-ASL
042 ## - AUTHENTICATION CODE
Authentication code premarc
050 00 - LIBRARY OF CONGRESS CALL NUMBER
Classification number BL2017.6
Item number .W3
082 ## - DEWEY DECIMAL CLASSIFICATION NUMBER
Classification number 930.1
Item number WAS
100 2# - MAIN ENTRY--PERSONAL NAME
Personal name Waliullah Khan, Mohammad.
245 10 - TITLE STATEMENT
Title Sikh shrines in West Pakistan /
260 ## - PUBLICATION, DISTRIBUTION, ETC.
Place of publication, distribution, etc. [Karachi]
Name of publisher, distributor, etc. Dept. of Archaeology Ministry of Education and Information, Govt. of Pakistan,
Date of publication, distribution, etc. 1962.
300 ## - PHYSICAL DESCRIPTION
Extent 143 p. :
Other physical details plates, map, geneal. table.;
Dimensions 25 cm.
490 1# - SERIES STATEMENT
Series statement Memoirs of the Dept. of Archaeology in Pakistan,
Volume/sequential designation no. 3
500 ## - GENERAL NOTE
General note Stamped on t.p.: Ferozsons, Karachi.
504 ## - BIBLIOGRAPHY, ETC. NOTE
Bibliography, etc. note Bibliography. p. 67-68.
650 #0 - SUBJECT ADDED ENTRY--TOPICAL TERM
Topical term or geographic name entry element Shrines
Geographic subdivision Pakistan.
650 #0 - SUBJECT ADDED ENTRY--TOPICAL TERM
Topical term or geographic name entry element Sikhs
General subdivision History.
810 1# - SERIES ADDED ENTRY--CORPORATE NAME
Corporate name or jurisdiction name as entry element Pakistan.
Subordinate unit Department of Archaeology.
Title of a work Memoirs ;
Volume/sequential designation no. 3.
906 ## - LOCAL DATA ELEMENT F, LDF (RLIN)
a 7
b cbc
c oclcrpl
d u
e ncip
f 19
g y-gencatlg
942 ## - ADDED ENTRY ELEMENTS (KOHA)
Source of classification or shelving scheme Dewey Decimal Classification
Koha item type Books
Holdings
Withdrawn status Lost status Source of classification or shelving scheme Damaged status Not for loan Collection code Home library Current library Shelving location Date acquired Source of acquisition Total Checkouts Full call number Barcode Date last seen Copy number Price effective from Koha item type Public note
    Dewey Decimal Classification     Non-fiction Asiatic Society Library Asiatic Society Library General Stacks 03/27/2021 ASB Library Collections   930.1 WAS 107991 03/27/2021 C-1 03/27/2021 Books RARE

Powered by Koha